[Event "EUR-Tch Clubs"]
[Site "Mayrhofen AUT"]
[Date "2022.10.04"]
[Round "2.3"]
[White "Hansen, Eric"]
[Black "Halvax, Georg"]
[Result "1-0"]
[WhiteElo "2613"]
[BlackElo "2432"]
[PlyCount "131"]
[GameId "2130307569744406"]
[EventDate "2022.10.03"]
[EventType "team"]
[EventRounds "7"]
[EventCountry "AUT"]
[SourceTitle "10 Days #701"]
[Source "ChessMix"]
[SourceDate "2022.10.10"]
[SourceVersion "1"]
[SourceVersionDate "2022.10.10"]
[SourceQuality "1"]
[WhiteTeam "Offerspill Chess Club"]
[BlackTeam "Schachgesellschaft Solingen"]

1. e4 c5 2. Nf3 Nc6 3. Bb5 g6 4. O-O Bg7 5. c3 Nf6 6. Re1 O-O 7. d4 d5 8. exd5 Qxd5 9. dxc5 Qxc5 10. Na3 Bg4 11. h3 Rad8 12. Qe2 Bxf3 13. Qxf3 Nd5 14. Re4 e5 15. Rc4 Qd6 16. Bg5 Nce7 17. Ba4 a6 18. Bb3 h6 19. Bxe7 Qxe7 20. Rd1 Nf4 21. Re4 Rxd1+ 22. Qxd1 Kh7 23. Qf3 Qc7 24. h4 f5 25. Rc4 Qd7 26. Bc2 Ne6 27. h5 e4 28. Qd1 Qxd1+ 29. Bxd1 Rd8 30. Bb3 gxh5 31. Nc2 Rd1+ 32. Kh2 Rd2 33. Ne3 Rxf2 34. Kg1 Rxb2 35. Nxf5 Bf6 36. Rb4 Bxc3 37. Rb6 Bd4+ 38. Nxd4 Nxd4 39. Bg8+ Kxg8 40. Rxb2 b5 41. Rd2 Nf5 42. Rd5 Ne3 43. Rd6 a5 44. Rb6 b4 45. Rb5 Nd1 46. Rxa5 e3 47. Kf1 Nc3 48. Ra7 h4 49. Ke1 Kh8 50. Kf1 Kg8 51. a3 bxa3 52. Rxa3 Nd5 53. Ra4 e2+ 54. Kf2 Ne3 55. Re4 Nf5 56. Rf4 Ne7 57. Rxh4 Kg7 58. Kxe2 Kg6 59. Kf3 h5 60. Ra4 Kh6 61. Ra5 Ng6 62. Ke4 Ne7 63. Rb5 Ng6 64. Rf5 Nh4 65. Rf1 Nxg2 66. Rh1 1-0

[Event "EUR-Tch Clubs"]
[Site "Mayrhofen AUT"]
[Date "2022.10.05"]
[Round "3.2"]
[White "Hansen, Eric"]
[Black "Brunner, Nicolas"]
[Result "1-0"]
[WhiteElo "2613"]
[BlackElo "2448"]
[PlyCount "73"]
[GameId "2130307569744460"]
[EventDate "2022.10.03"]
[EventType "team"]
[EventRounds "7"]
[EventCountry "AUT"]
[SourceTitle "10 Days #701"]
[Source "ChessMix"]
[SourceDate "2022.10.10"]
[SourceVersion "1"]
[SourceVersionDate "2022.10.10"]
[SourceQuality "1"]
[WhiteTeam "Offerspill Chess Club"]
[BlackTeam "Schachgesellschaft Riehen"]

1. e4 e5 2. Nf3 Nf6 3. d4 Nxe4 4. Bd3 d5 5. Nxe5 Nd7 6. Nc3 Nxc3 7. bxc3 Nxe5 8. dxe5 Bc5 9. O-O O-O 10. Re1 Be6 11. Rb1 b6 12. Qf3 f5 13. Bb5 Qh4 14. Bc6 Rad8 15. Qg3 Qxg3 16. hxg3 h6 17. Rd1 Kf7 18. a4 a5 19. Kf1 Ke7 20. f4 Bd7 21. Bxd7 Rxd7 22. Ke2 Ke6 23. Rh1 Rfd8 24. Kd3 d4 25. c4 Bb4 26. Bd2 c5 27. Rh4 Rf7 28. g4 Rdf8 29. g3 Rg8 30. Rbh1 fxg4 31. Bc1 Kf5 32. Rh5+ Kg6 33. Ke4 Rgf8 34. e6 Rf6 35. f5+ Kh7 36. Bg5 Rxf5 37. e7 1-0

[Event "EUR-Tch Clubs"]
[Site "Mayrhofen AUT"]
[Date "2022.10.06"]
[Round "4.3"]
[White "Hansen, Eric"]
[Black "Wojtaszek, Radoslaw"]
[Result "1/2-1/2"]
[WhiteElo "2613"]
[BlackElo "2693"]
[PlyCount "53"]
[GameId "2130307569748632"]
[EventDate "2022.10.03"]
[EventType "team"]
[EventRounds "7"]
[EventCountry "AUT"]
[SourceTitle "10 Days #701"]
[Source "ChessMix"]
[SourceDate "2022.10.10"]
[SourceVersion "1"]
[SourceVersionDate "2022.10.10"]
[SourceQuality "1"]
[WhiteTeam "Offerspill Chess Club"]
[BlackTeam "Novy Bor Chess club"]

1. e4 e5 2. Nf3 Nc6 3. Bb5 a6 4. Ba4 Nf6 5. O-O Be7 6. Re1 b5 7. Bb3 O-O 8. h3 Bb7 9. d3 d5 10. exd5 Nxd5 11. a4 Nd4 12. Nxd4 exd4 13. axb5 axb5 14. Rxa8 Bxa8 15. Na3 Bb4 16. Bd2 Bxd2 17. Qxd2 Qf6 18. Bxd5 Bxd5 19. Nxb5 Bxg2 20. Kxg2 Qc6+ 21. Kh2 Qxb5 22. Qf4 Qc5 23. Re2 g6 24. Qe5 Qb6 25. Qf4 Qc5 26. Qe5 Qb6 27. Qf4 1/2-1/2

[Event "EUR-Tch Clubs"]
[Site "Mayrhofen AUT"]
[Date "2022.10.07"]
[Round "5.3"]
[White "Idani, Pouya"]
[Black "Hansen, Eric"]
[Result "1/2-1/2"]
[WhiteElo "2623"]
[BlackElo "2613"]
[PlyCount "81"]
[GameId "2130307569752788"]
[EventDate "2022.10.03"]
[EventType "team"]
[EventRounds "7"]
[EventCountry "AUT"]
[SourceTitle "10 Days #701"]
[Source "ChessMix"]
[SourceDate "2022.10.10"]
[SourceVersion "1"]
[SourceVersionDate "2022.10.10"]
[SourceQuality "1"]
[WhiteTeam "Silla - València Origin of Chess"]
[BlackTeam "Offerspill Chess Club"]

1. e4 e5 2. Nf3 Nf6 3. Nxe5 d6 4. Nf3 Nxe4 5. d4 d5 6. Bd3 Bf5 7. O-O Be7 8. Ne5 Nd7 9. Nc3 Nxe5 10. dxe5 Qd7 11. Bxe4 dxe4 12. Qxd7+ Kxd7 13. Rd1+ Kc6 14. Nd5 Rhe8 15. Bf4 Rac8 16. h3 h5 17. c4 a5 18. a3 Bf8 19. b4 b6 20. Rac1 Red8 21. Bd2 Ra8 22. Be3 Be6 23. bxa5 bxa5 24. a4 Rab8 25. Bd2 Rb7 26. Re1 Bb4 27. Bc3 Bxc3 28. Rxc3 Kc5 29. Rxe4 Rb1+ 30. Kh2 c6 31. Nf4 Bf5 32. Ree3 h4 33. e6 Rdd1 34. g3 hxg3+ 35. Kxg3 fxe6 36. Nxe6+ Kb4 37. Nxg7 Rg1+ 38. Kf4 Rxg7 39. Kxf5 Rf7+ 40. Ke6 Rxf2 41. h4 1/2-1/2

[Event "EUR-Tch Clubs"]
[Site "Mayrhofen AUT"]
[Date "2022.10.08"]
[Round "6.2"]
[White "Berchtenbreiter, Maximilian"]
[Black "Hansen, Eric"]
[Result "1-0"]
[WhiteElo "2509"]
[BlackElo "2613"]
[PlyCount "67"]
[GameId "2130307569756931"]
[EventDate "2022.10.03"]
[EventType "team"]
[EventRounds "7"]
[EventCountry "AUT"]
[SourceTitle "10 Days #701"]
[Source "ChessMix"]
[SourceDate "2022.10.10"]
[SourceVersion "1"]
[SourceVersionDate "2022.10.10"]
[SourceQuality "1"]
[WhiteTeam "Schach ohne Grenzen"]
[BlackTeam "Offerspill Chess Club"]

1. e4 e5 2. Nf3 Nc6 3. Bb5 Nf6 4. d3 Bc5 5. O-O Nd4 6. Nxd4 Bxd4 7. Nd2 c6 8. Bc4 d6 9. c3 Bb6 10. Bb3 O-O 11. Nc4 Bc7 12. Bg5 h6 13. Bh4 g5 14. Bg3 Kg7 15. Ne3 h5 16. h4 Ng4 17. hxg5 Qxg5 18. f4 Qh6 19. Nxg4 Bxg4 20. Qe1 h4 21. fxe5 hxg3 22. Qxg3 Bb6+ 23. d4 dxe5 24. Rf5 Qg6 25. Qxe5+ f6 26. Qe7+ Kh6 27. Kf2 Bxf5 28. Rh1+ Kg5 29. Qd6 Bxe4 30. Qg3+ Kf5 31. Qh3+ Qg4 32. Qh7+ Kg5 33. Qh6+ Kf5 34. Rh5+ 1-0

[Event "EUR-Tch Clubs"]
[Site "Mayrhofen AUT"]
[Date "2022.10.09"]
[Round "7.3"]
[White "Amin, Bassem"]
[Black "Hansen, Eric"]
[Result "1-0"]
[WhiteElo "2667"]
[BlackElo "2613"]
[PlyCount "121"]
[GameId "2130307569757001"]
[EventDate "2022.10.03"]
[EventType "team"]
[EventRounds "7"]
[EventCountry "AUT"]
[SourceTitle "10 Days #701"]
[Source "ChessMix"]
[SourceDate "2022.10.10"]
[SourceVersion "1"]
[SourceVersionDate "2022.10.10"]
[SourceQuality "1"]
[WhiteTeam "Clichy-Echecs-92"]
[BlackTeam "Offerspill Chess Club"]

1. Nf3 d5 2. g3 g6 3. c4 c6 4. Qa4 Nd7 5. cxd5 cxd5 6. Nc3 Ngf6 7. Bg2 Bg7 8. d3 O-O 9. O-O Nc5 10. Qb4 b6 11. Be3 a5 12. Qa3 e6 13. b4 Ncd7 14. Rab1 Bb7 15. bxa5 Rxa5 16. Qb4 Qa8 17. Rfc1 Rc8 18. Bxb6 Nxb6 19. Qxb6 Bc6 20. d4 Nd7 21. Qb2 Bf8 22. Qd2 Ba3 23. Rc2 Rb8 24. Bf1 Rb4 25. Rxb4 Bxb4 26. Rb2 Ba3 27. Rb3 Bd6 28. e3 Nf6 29. Ne5 Ba4 30. Rb6 Bxe5 31. dxe5 Nd7 32. Rb4 Nxe5 33. Qb2 Nd7 34. Nxa4 Rxa4 35. Rxa4 Qxa4 36. Qb5 Qxb5 37. Bxb5 Nc5 38. a4 Nb7 39. h4 h6 40. Kf1 Kf8 41. Ke2 Ke7 42. Kd2 Kd6 43. Be8 Ke7 44. Bc6 Nc5 45. f3 g5 46. hxg5 hxg5 47. Kc3 Kd6 48. Be8 f6 49. a5 e5 50. Bb5 Kc7 51. Kb4 Ne6 52. Bd3 Kc6 53. g4 Nc7 54. Bf1 Ne6 55. Bb5+ Kc7 56. Bd3 Kc6 57. Bc2 Nc5 58. Ba4+ Nxa4 59. Kxa4 Kc5 60. a6 Kb6 61. Kb4 1-0

[Event "Titled Tuesday 2022.09.27 Early"]
[Site "chess.com INT"]
[Date "2022.09.27"]
[Round "3"]
[White "Hansen, Eric"]
[Black "Sai, Han Thiha"]
[Result "1-0"]
[WhiteElo "2613"]
[BlackElo "2161"]
[PlyCount "97"]
[GameId "2130307570019350"]
[EventDate "2022.09.27"]
[EventType "swiss (blitz)"]
[EventRounds "11"]
[EventCountry "NET"]
[SourceTitle "The Week in Chess 1456"]
[Source "Mark Crowther"]
[SourceDate "2022.10.03"]
[SourceVersion "1"]
[SourceVersionDate "2022.10.03"]
[SourceQuality "2"]

1. d4 Nf6 2. c4 e6 3. Nc3 Bb4 4. e3 b6 5. Nge2 Ba6 6. a3 Bxc3+ 7. Nxc3 d5 8. cxd5 Bxf1 9. Kxf1 exd5 10. g4 h6 11. h4 c6 12. Kg2 Qd6 13. f3 Nbd7 14. Qd3 O-O 15. Ne2 c5 16. Ng3 Nh7 17. Nf5 Qe6 18. dxc5 Nxc5 19. Qc3 Qf6 20. Qxf6 Nxf6 21. b4 Nb3 22. Rb1 Nxc1 23. Rhxc1 Rfd8 24. Rc7 Rd7 25. Rbc1 Rad8 26. h5 Kh7 27. R1c6 Kg8 28. Kf2 Kh7 29. a4 Kg8 30. Rxd7 Rxd7 31. Nxh6+ gxh6 32. Rxf6 Rc7 33. Rxh6 Rc4 34. Rd6 Rxb4 35. Rxd5 Rxa4 36. e4 Ra3 37. g5 Rb3 38. Rd8+ Kg7 39. Rd7 Kg8 40. Rxa7 b5 41. e5 Kf8 42. e6 fxe6 43. h6 Rb2+ 44. Kg3 Rb1 45. Ra8+ Kf7 46. h7 Rh1 47. h8=Q Rxh8 48. Rxh8 Kg6 49. Kg4 1-0

[Event "CGC KO"]
[Site "chess.com INT"]
[Date "2022.09.14"]
[Round "1.1"]
[White "Le, Quang Liem"]
[Black "Hansen, Eric"]
[Result "0-1"]
[WhiteElo "2728"]
[BlackElo "2613"]
[PlyCount "102"]
[GameId "2130307570692233"]
[EventDate "2022.09.14"]
[EventType "k.o. (rapid)"]
[EventRounds "6"]
[EventCountry "NET"]
[SourceTitle "The Week in Chess 1454"]
[Source "Mark Crowther"]
[SourceDate "2022.09.19"]
[SourceVersion "1"]
[SourceVersionDate "2022.09.19"]
[SourceQuality "2"]

1. Nf3 Nf6 2. c4 e6 3. g3 d5 4. d4 Bb4+ 5. Nbd2 O-O 6. Bg2 b6 7. O-O Bb7 8. Ne5 Qc8 9. cxd5 Bxd5 10. e4 Bb7 11. Qc2 c5 12. dxc5 Qxc5 13. Qxc5 Bxc5 14. Nd3 Na6 15. e5 Bxg2 16. Kxg2 Nd5 17. Nf3 Rfd8 18. a3 Rac8 19. Rd1 f6 20. h4 h5 21. Nf4 Nxf4+ 22. Bxf4 Kf7 23. Rac1 Rxd1 24. Rxd1 Ke8 25. Rc1 Kd7 26. b4 Be7 27. Rd1+ Ke8 28. Re1 Kf7 29. Nd4 f5 30. Nb5 Rc4 31. Rc1 Rxc1 32. Bxc1 Ke8 33. Nxa7 Nc7 34. Nc6 Bf8 35. a4 Kd7 36. b5 Nd5 37. Be3 Kc7 38. Bd4 g6 39. Kf3 Ba3 40. a5 bxa5 41. Nxa5 Bb4 42. Nc4 Kb7 43. Ne3 Nc7 44. b6 Nb5 45. Nc2 Be7 46. Be3 Bd8 47. Kf4 Ka6 48. Na3 Nxa3 49. Bc5 Nc4 50. Bd6 Nxb6 51. Kf3 Kb5 0-1

[Event "CGC KO"]
[Site "chess.com INT"]
[Date "2022.09.14"]
[Round "1.2"]
[White "Hansen, Eric"]
[Black "Le, Quang Liem"]
[Result "1/2-1/2"]
[WhiteElo "2613"]
[BlackElo "2728"]
[PlyCount "89"]
[GameId "2130307570692238"]
[EventDate "2022.09.14"]
[EventType "k.o. (rapid)"]
[EventRounds "6"]
[EventCountry "NET"]
[SourceTitle "The Week in Chess 1454"]
[Source "Mark Crowther"]
[SourceDate "2022.09.19"]
[SourceVersion "1"]
[SourceVersionDate "2022.09.19"]
[SourceQuality "2"]

1. e4 e5 2. Nf3 Nc6 3. Bb5 a6 4. Ba4 Nf6 5. O-O b5 6. Bb3 Bc5 7. a4 Rb8 8. Nxe5 Nxe5 9. d4 Bxd4 10. Qxd4 d6 11. f4 Nc6 12. Qd3 O-O 13. axb5 axb5 14. Nc3 Nb4 15. Qd2 c5 16. e5 Ne8 17. Ne4 Bf5 18. Ng3 Be6 19. Bxe6 fxe6 20. c3 Nd5 21. Qe2 c4 22. exd6 Qxd6 23. Ne4 Qb6+ 24. Kh1 Nef6 25. Ng5 Rbe8 26. Bd2 h6 27. Nf3 Nd7 28. Ne5 Nxe5 29. Qxe5 Rf5 30. Qe4 Qd6 31. Rae1 Nf6 32. Qc2 Rd5 33. Be3 e5 34. Qc1 Qc6 35. Kg1 Ng4 36. h3 Nxe3 37. Qxe3 e4 38. f5 Rd3 39. Qf4 e3 40. Re2 Qf6 41. Rf3 Qe5 42. f6 Qxf4 43. Rxf4 Rf8 44. Rf3 Rxf6 45. Rfxe3 1/2-1/2

[Event "CGC KO"]
[Site "chess.com INT"]
[Date "2022.09.14"]
[Round "1.3"]
[White "Le, Quang Liem"]
[Black "Hansen, Eric"]
[Result "1/2-1/2"]
[WhiteElo "2728"]
[BlackElo "2613"]
[PlyCount "146"]
[GameId "2130307570692243"]
[EventDate "2022.09.14"]
[EventType "k.o. (rapid)"]
[EventRounds "6"]
[EventCountry "NET"]
[SourceTitle "The Week in Chess 1454"]
[Source "Mark Crowther"]
[SourceDate "2022.09.19"]
[SourceVersion "1"]
[SourceVersionDate "2022.09.19"]
[SourceQuality "2"]

1. Nf3 Nf6 2. c4 e6 3. g3 d5 4. d4 Bb4+ 5. Bd2 Be7 6. Bg2 O-O 7. O-O Nbd7 8. Qc2 c6 9. Bf4 Nh5 10. Bc1 Nhf6 11. Nbd2 b6 12. e4 Bb7 13. e5 Ne8 14. cxd5 cxd5 15. Re1 Rc8 16. Qd1 Qc7 17. Nb1 b5 18. Bf1 b4 19. Bd3 Qb6 20. Nbd2 Ba6 21. Bb1 f6 22. Nb3 f5 23. Be3 g6 24. Nc1 Ng7 25. Bh6 Nb8 26. Nd3 Nc6 27. Nf4 Nd8 28. Bd3 Nf7 29. Bxg7 Kxg7 30. Bxa6 Qxa6 31. h4 Rc6 32. Rc1 Rfc8 33. Qd3 Qxd3 34. Nxd3 h6 35. Rxc6 Rxc6 36. Rc1 Nd8 37. Kf1 g5 38. Ke2 Rxc1 39. Nxc1 Nc6 40. Kd3 Kg6 41. Ne2 Bd8 42. hxg5 hxg5 43. Nd2 Kh5 44. f3 Bb6 45. Nf1 Kh6 46. Ne3 Kg6 47. Nc2 Kf7 48. f4 g4 49. Na1 Ke7 50. Nc2 Kd7 51. Nc1 Kc8 52. Ne2 Kb7 53. b3 Bd8 54. Ne3 Be7 55. Nd1 Kc7 56. Nb2 Nb8 57. Na4 Nd7 58. Ke3 Kc6 59. Nc1 Kb5 60. Nd3 Bf8 61. Kd2 Be7 62. Ke3 Kc6 63. Kd2 a5 64. Ke3 Kb5 65. Kd2 Kc6 66. Ke2 Kb5 67. Ke3 Kc6 68. Kd2 Kb5 69. Kc2 Kc6 70. Kd1 Bf8 71. Ke2 Be7 72. Ke3 Kb5 73. Kd2 Kc6 1/2-1/2

[Event "CGC KO"]
[Site "chess.com INT"]
[Date "2022.09.14"]
[Round "1.4"]
[White "Hansen, Eric"]
[Black "Le, Quang Liem"]
[Result "0-1"]
[WhiteElo "2613"]
[BlackElo "2728"]
[PlyCount "96"]
[GameId "2130307570696343"]
[EventDate "2022.09.14"]
[EventType "k.o. (rapid)"]
[EventRounds "6"]
[EventCountry "NET"]
[SourceTitle "The Week in Chess 1454"]
[Source "Mark Crowther"]
[SourceDate "2022.09.19"]
[SourceVersion "1"]
[SourceVersionDate "2022.09.19"]
[SourceQuality "2"]

1. e4 c5 2. Nf3 Nc6 3. Bb5 h5 4. O-O h4 5. h3 Nf6 6. Re1 Qb6 7. Nc3 Nd4 8. Bc4 e6 9. e5 d5 10. exf6 dxc4 11. Ne4 Nxf3+ 12. Qxf3 Bd7 13. fxg7 Bxg7 14. Nf6+ Bxf6 15. Qxf6 Rg8 16. Re4 Qd6 17. Rxh4 Bc6 18. Rg4 Rxg4 19. hxg4 Rd8 20. d3 Qd5 21. f3 cxd3 22. Bg5 Qd4+ 23. Qxd4 Rxd4 24. cxd3 Rxd3 25. Rc1 b6 26. b4 Kd7 27. bxc5 b5 28. Rc2 Ra3 29. Bc1 Ra4 30. a3 Bd5 31. Kf2 Kc6 32. Rc3 a5 33. Kg3 b4 34. axb4 axb4 35. Rc2 b3 36. Rc3 Ra2 37. Kf4 Rxg2 38. Ke5 b2 39. Bxb2 Rxb2 40. f4 Rb4 41. Re3 Kxc5 42. Rc3+ Kb6 43. Re3 Kc6 44. g5 Kd7 45. f5 Rg4 46. g6 fxg6 47. fxe6+ Bxe6 48. Kf6 Bf5 0-1

[Event "CGC KO"]
[Site "chess.com INT"]
[Date "2022.09.14"]
[Round "1.5"]
[White "Hansen, Eric"]
[Black "Le, Quang Liem"]
[Result "1-0"]
[WhiteElo "2613"]
[BlackElo "2728"]
[PlyCount "151"]
[GameId "2130307570696346"]
[EventDate "2022.09.14"]
[EventType "k.o. (rapid)"]
[EventRounds "6"]
[EventCountry "NET"]
[SourceTitle "The Week in Chess 1454"]
[Source "Mark Crowther"]
[SourceDate "2022.09.19"]
[SourceVersion "1"]
[SourceVersionDate "2022.09.19"]
[SourceQuality "2"]

1. e4 e5 2. Nf3 Nc6 3. Bb5 a6 4. Ba4 Nf6 5. O-O Be7 6. Re1 b5 7. Bb3 d6 8. c3 O-O 9. h3 Bb7 10. d4 Re8 11. Nbd2 Bf8 12. a3 h6 13. Ba2 Nb8 14. Qb3 Qd7 15. Qc2 c5 16. d5 c4 17. b3 cxb3 18. Bxb3 Qc7 19. c4 Rc8 20. Bb2 Nbd7 21. Rac1 Qb6 22. Bc3 Nh5 23. Qb1 Nf4 24. Ba2 Nc5 25. Re3 Na4 26. Ba1 Rc7 27. Bb3 Nc5 28. Bc2 Nd7 29. Qa2 Rac8 30. Rb1 Qa7 31. Bb3 Nc5 32. Bd1 Nd7 33. Bb3 Nb6 34. cxb5 axb5 35. Bd1 Ba6 36. Nxe5 dxe5 37. Bxe5 Ng6 38. Bxc7 Qxc7 39. Nf3 Na4 40. Bxa4 bxa4 41. e5 Bc5 42. d6 Qa7 43. Rc3 Nf4 44. Kh1 Nd3 45. Qd5 Nf4 46. Qe4 Ne6 47. Qxa4 Ra8 48. Qc6 Bxf2 49. Qd5 Bb6 50. Rxb6 Qxb6 51. Qxa8+ Kh7 52. Qc6 Qf2 53. Qe4+ g6 54. Rc2 Qf1+ 55. Kh2 Bd3 56. Qe1 Qxe1 57. Nxe1 Bxc2 58. Nxc2 Kg7 59. a4 Kf8 60. a5 Nc5 61. Nb4 Ke8 62. a6 Na4 63. Nd5 Kd7 64. a7 Ke6 65. a8=Q Nc5 66. Nb6 Kxe5 67. Qd5+ Kf6 68. Qxc5 Ke6 69. Qd5+ Kf6 70. d7 Kg7 71. d8=Q h5 72. Qe5+ Kh6 73. Qdf6 h4 74. Qeg5+ Kh7 75. Qxh4+ Kg8 76. Qhh8# 1-0

[Event "CGC KO"]
[Site "chess.com INT"]
[Date "2022.09.22"]
[Round "2.1"]
[White "Dominguez Perez, Leinier"]
[Black "Hansen, Eric"]
[Result "1/2-1/2"]
[WhiteElo "2745"]
[BlackElo "2613"]
[PlyCount "76"]
[GameId "2130307570696349"]
[EventDate "2022.09.14"]
[EventType "k.o. (rapid)"]
[EventRounds "6"]
[EventCountry "NET"]
[SourceTitle "The Week in Chess 1455"]
[Source "Mark Crowther"]
[SourceDate "2022.09.26"]
[SourceVersion "2"]
[SourceVersionDate "2022.09.27"]
[SourceQuality "2"]

1. e4 e5 2. Nf3 Nc6 3. Bb5 a6 4. Ba4 Nf6 5. O-O Be7 6. Re1 b5 7. Bb3 d6 8. c3 O-O 9. h3 Bd7 10. d4 a5 11. a4 bxa4 12. Bxa4 exd4 13. cxd4 Nb4 14. Nc3 Bxa4 15. Rxa4 Re8 16. Bf4 Qc8 17. Qd2 Qb7 18. Bg5 h6 19. Bh4 Nd7 20. Bxe7 Rxe7 21. Ra3 Nf6 22. e5 dxe5 23. dxe5 Nd7 24. Ne4 Rae8 25. Rxa5 Nc6 26. Rd5 Ncxe5 27. Nxe5 Nxe5 28. Rd8 Qc6 29. Rxe8+ Qxe8 30. Rc1 Rd7 31. Qe3 Qd8 32. Nc5 Rd5 33. b4 Nc6 34. Qe4 Nd4 35. Nb7 Qd7 36. Nc5 Qd8 37. Nb7 Qd7 38. Nc5 Qd8 1/2-1/2

[Event "CGC KO"]
[Site "chess.com INT"]
[Date "2022.09.22"]
[Round "2.2"]
[White "Hansen, Eric"]
[Black "Dominguez Perez, Leinier"]
[Result "1/2-1/2"]
[WhiteElo "2613"]
[BlackElo "2745"]
[PlyCount "69"]
[GameId "2130307570696352"]
[EventDate "2022.09.14"]
[EventType "k.o. (rapid)"]
[EventRounds "6"]
[EventCountry "NET"]
[SourceTitle "The Week in Chess 1455"]
[Source "Mark Crowther"]
[SourceDate "2022.09.26"]
[SourceVersion "2"]
[SourceVersionDate "2022.09.27"]
[SourceQuality "2"]

1. e4 c5 2. Nf3 d6 3. Bb5+ Nd7 4. O-O a6 5. Bxd7+ Bxd7 6. c3 e6 7. d4 Ne7 8. dxc5 dxc5 9. Ne5 Ng6 10. Qxd7+ Qxd7 11. Nxd7 Kxd7 12. a4 Kc6 13. Rd1 Bd6 14. Na3 Rhd8 15. Be3 Ne5 16. h3 b5 17. Kf1 Be7 18. Ke2 Rxd1 19. Rxd1 Rb8 20. axb5+ axb5 21. f4 Nc4 22. Nxc4 bxc4 23. Rd2 Rd8 24. Rxd8 Bxd8 25. g4 g6 26. g5 f5 27. e5 Be7 28. Bf2 Bf8 29. h4 Kb5 30. Kd2 Ka4 31. Kc2 Be7 32. Bg1 Bf8 33. Bf2 Be7 34. Bg1 Bf8 35. Bf2 1/2-1/2

[Event "CGC KO"]
[Site "chess.com INT"]
[Date "2022.09.22"]
[Round "2.3"]
[White "Dominguez Perez, Leinier"]
[Black "Hansen, Eric"]
[Result "1-0"]
[WhiteElo "2745"]
[BlackElo "2613"]
[PlyCount "67"]
[GameId "2130307570696357"]
[EventDate "2022.09.14"]
[EventType "k.o. (rapid)"]
[EventRounds "6"]
[EventCountry "NET"]
[SourceTitle "The Week in Chess 1455"]
[Source "Mark Crowther"]
[SourceDate "2022.09.26"]
[SourceVersion "2"]
[SourceVersionDate "2022.09.27"]
[SourceQuality "2"]

1. e4 e5 2. Nf3 Nc6 3. Bb5 a6 4. Ba4 Nf6 5. O-O Be7 6. Re1 b5 7. Bb3 d6 8. c3 O-O 9. h3 Na5 10. Bc2 Nd7 11. d4 Bf6 12. Nbd2 Re8 13. b4 Nc6 14. d5 Ne7 15. a4 Bb7 16. Nb3 Nb6 17. Na5 Bc8 18. axb5 axb5 19. Bd3 Bd7 20. Bd2 c6 21. dxc6 Nxc6 22. Nxc6 Bxc6 23. Qe2 Qd7 24. Be3 Rxa1 25. Rxa1 Rb8 26. Nd2 Na4 27. Ra3 h6 28. Bc2 Qb7 29. c4 Nb2 30. Ra7 Qc8 31. Bb3 Be8 32. cxb5 Qc3 33. Qh5 Kf8 34. Rxf7+ 1-0

[Event "CGC KO"]
[Site "chess.com INT"]
[Date "2022.09.22"]
[Round "2.4"]
[White "Hansen, Eric"]
[Black "Dominguez Perez, Leinier"]
[Result "0-1"]
[WhiteElo "2613"]
[BlackElo "2745"]
[PlyCount "90"]
[GameId "2130307570696360"]
[EventDate "2022.09.14"]
[EventType "k.o. (rapid)"]
[EventRounds "6"]
[EventCountry "NET"]
[SourceTitle "The Week in Chess 1455"]
[Source "Mark Crowther"]
[SourceDate "2022.09.26"]
[SourceVersion "2"]
[SourceVersionDate "2022.09.27"]
[SourceQuality "2"]

1. e4 e5 2. Nf3 Nf6 3. Nc3 Nc6 4. Bb5 Nd4 5. O-O c6 6. Ba4 a5 7. Bb3 d6 8. Ng5 Nxb3 9. axb3 h6 10. Nf3 Bg4 11. h3 Bh5 12. d3 Be7 13. Kh1 Nd7 14. Ne2 Bxf3 15. gxf3 Bg5 16. Rg1 Qf6 17. Ng3 Bxc1 18. Rxc1 g6 19. Ra1 Nf8 20. Nf1 Ne6 21. Nd2 b5 22. Rg3 h5 23. Nf1 O-O 24. Ne3 Kh7 25. Ng2 a4 26. b4 Rad8 27. c3 d5 28. Qe2 d4 29. Rg1 Ra8 30. Qc2 a3 31. c4 a2 32. Ra1 h4 33. Rg4 Qxf3 34. Kh2 Qf6 35. cxb5 cxb5 36. Nxh4 Nf4 37. Nf3 Rac8 38. Qd2 Kg7 39. Nxe5 Qxe5 40. Qxf4 Qxf4+ 41. Rxf4 Ra8 42. e5 Rfc8 43. Rxd4 Rc2 44. Kg3 Rxb2 45. Rd7 Rb1 0-1

[Event "Titled Tuesday 2022.09.06 Late"]
[Site "chess.com INT"]
[Date "2022.09.06"]
[Round "2"]
[White "Dilanian, Grigor"]
[Black "Hansen, Eric"]
[Result "0-1"]
[WhiteElo "2247"]
[BlackElo "2613"]
[PlyCount "100"]
[GameId "2130307571030095"]
[EventDate "2022.09.06"]
[EventType "swiss (blitz)"]
[EventRounds "11"]
[EventCountry "NET"]
[SourceTitle "The Week in Chess 1453"]
[Source "Mark Crowther"]
[SourceDate "2022.09.12"]
[SourceVersion "1"]
[SourceVersionDate "2022.09.12"]
[SourceQuality "2"]

1. d4 Nf6 2. Nf3 e6 3. g3 b5 4. Qd3 b4 5. e4 Ba6 6. Qe3 Bxf1 7. Kxf1 d5 8. e5 Nfd7 9. c4 dxc4 10. Qe4 Nb6 11. Kg2 Qd5 12. Qg4 Nc6 13. Be3 h5 14. Qf4 Be7 15. Nbd2 g5 16. Qe4 g4 17. Ne1 c3 18. bxc3 bxc3 19. Qxd5 exd5 20. Nb1 Na4 21. Nc2 Nb4 22. Nba3 Rb8 23. Rab1 Kd7 24. Nxb4 Rxb4 25. Nc2 Rb2 26. Rbc1 Rxa2 27. h3 Rb8 28. hxg4 hxg4 29. Rh7 Rbb2 30. Ne1 Re2 31. Kf1 Ba3 32. Rb1 Reb2 33. Rc1 Rxf2+ 34. Bxf2 Bxc1 35. Rxf7+ Kc8 36. e6 Ba3 37. e7 Kd7 38. Nd3 Bxe7 39. Be3 Ke8 40. Rg7 Bd6 41. Rxg4 Nb2 42. Ne1 Nc4 43. Bh6 Nd2+ 44. Ke2 Ne4+ 45. Kf1 Rh2 46. Rg8+ Kf7 47. Rg7+ Kf6 48. Rg8 Rxh6 49. Nd3 Rh2 50. g4 Nd2+ 0-1

[Event "Titled Tuesday 2022.09.06 Late"]
[Site "chess.com INT"]
[Date "2022.09.06"]
[Round "4"]
[White "Melikyan, Gnel"]
[Black "Hansen, Eric"]
[Result "1-0"]
[WhiteElo "2238"]
[BlackElo "2613"]
[PlyCount "81"]
[GameId "2130307571034283"]
[EventDate "2022.09.06"]
[EventType "swiss (blitz)"]
[EventRounds "11"]
[EventCountry "NET"]
[SourceTitle "The Week in Chess 1453"]
[Source "Mark Crowther"]
[SourceDate "2022.09.12"]
[SourceVersion "1"]
[SourceVersionDate "2022.09.12"]
[SourceQuality "2"]

1. e4 c5 2. Nf3 e6 3. d4 cxd4 4. Nxd4 a6 5. Nc3 Qc7 6. Qg4 Nf6 7. Qg3 d6 8. a4 e5 9. Nf3 h6 10. Be3 Be6 11. Nd2 Nbd7 12. Bd3 Rc8 13. O-O Be7 14. Nd5 Bxd5 15. exd5 g6 16. c4 a5 17. Be2 h5 18. f4 h4 19. Qh3 exf4 20. Bd4 Ne5 21. Rxf4 Nfd7 22. Ne4 f5 23. Nc3 Nc5 24. g4 Nb3 25. Nb5 Qd8 26. Qxb3 O-O 27. gxf5 Bg5 28. Rf2 Qe7 29. Raf1 Rf6 30. Qh3 Rcf8 31. fxg6 Bf4 32. Kh1 Rf5 33. Bc3 Qg5 34. Nd4 R5f6 35. Ne6 Qh6 36. Nxf4 Rxf4 37. Qe6+ Kg7 38. Bxe5+ dxe5 39. Qxe5+ Kxg6 40. Rxf4 Rxf4 41. Qxf4 1-0